000 00843nam a2200217Ii 4500
003 JO-AjNU
008 230605s9999||||xx |||||||||||||| ||und||
017 _a15976
020 _a978-977-6341-41-8
040 _aJO-AjNU
_bara
_erda
_cJO-AjNU
041 _aara
050 1 4 _aHG4521.H56 2011
100 3 _aتأليف: الحناوي، محمد صالح / م.مشارك: طارق الشهاوي,
_eauthor
_932084
245 0 0 _aالاستثمار في سوق الاوراق المالية
264 3 1 _aالاسكندرية: دار التعليم الجامعي، 2011
300 _a403ص
_bيحتوي على ببلوغرافية وملاحق من389-403ص
336 _atext
_btxt
_2rdacontent
337 _aunmediated
_bn
_2rdamedia
338 _avolume
_bnc
_2rdacarrier
650 4 _aاستثمار - الاوراق المالية
_932085
999 _aA12912
_c16480
_d16480